000 01281nam a2200277Ia 4500
003 OSt
005 20210104184401.0
008 191128s2012 ck ad gr 000 0 spa d
020 _a9789588125572
040 _aCO-JMCR
_cCO-JMCR
041 0 _aspa
082 0 4 _a658.562 /
_bC718g
_223
110 1 _aColombia.
_bDepartamento Administrativo de la Función Pública
_99207
245 1 0 _aGuía para la construcción de indicadores de gestión /
_cDepartamento Administrativo de la Función Pública DAFP
260 _aBogotá :
_bDepartamento Administrativo de la Función Pública,
_c2012
300 _a52 páginas :
_bgráficos a blanco y negro ;
_c28 cm.
490 0 _aCartillas de administración pública ;
_v22
500 _aVersión 2
504 _aBibliografía: páginas 51-52
505 0 _aEvaluación de la gestión pública -- Importancia de la medición -- Conceptualización -- Qué es un indicador -- Características de los indicadores -- Beneficios de los indicadores -- Tipología de los indicadores -- Indicadores de eficacia
650 1 4 _aGestión pública
_92740
650 1 4 _aIndicadores de economía
_912639
650 1 4 _aIndicadores de gestión
_vguías
_xfundamentos
_912640
650 2 4 _aAdministración pública
_xguías
_912641
942 _2ddc
_cBK
999 _c3892
_d3892